Informe económico y Social 1978
Comportamiento de la economía salvadoreña durante 1978. Contiene una visión general retrospectiva del desenvolvimiento económico desde 1970, con información estadística presentada en forma de series para el mismo período 1970-1978. Referentes al comportamiento de variables com. Ingresos y gastos cor...
Uloženo v:
| Korporativní autor: | |
|---|---|
| Médium: | Text |
| Vydáno: |
San Salvador:
Ministerio de Planificación y Coordinación del Desarrollo Económico y Social
|
| Témata: | |
| Tagy: |
Přidat tag
Žádné tagy, Buďte první, kdo vytvoří štítek k tomuto záznamu!
|
MARC
| LEADER | 00000 a a2200000 04500 | ||
|---|---|---|---|
| 001 | 20210 | ||
| 003 | |||
| 040 | |||
| 090 | |a 083500 | ||
| 110 | |a El Salvador. Ministerio de Planificación y Coordinación del Desarrollo Económico y Social | ||
| 245 | |a Informe económico y Social 1978 | ||
| 260 | |a San Salvador: |b Ministerio de Planificación y Coordinación del Desarrollo Económico y Social | ||
| 300 | |a 69 p. | ||
| 520 | |a Comportamiento de la economía salvadoreña durante 1978. Contiene una visión general retrospectiva del desenvolvimiento económico desde 1970, con información estadística presentada en forma de series para el mismo período 1970-1978. Referentes al comportamiento de variables com. Ingresos y gastos corrientes, sector externo y sector monetario financiero, precios y salarios, deuda interna y externa./ACM | ||
| 650 | |a EL SALVADOR | ||
| 650 | |a INDICADORES ECONOMICOS | ||
| 650 | |a INDICADORES SOCIALES | ||
| 650 | |a CUADROS ESTADISTICOS | ||
| 999 | |c 8881 |d 8881 | ||
